abc the16th ペーパー通過者 - Statistics

General Stats
  • This quiz has been taken 8 times
  • The average score is 9 of 48
Answer Stats
順位 所属 学年 Answer % Correct
1 東京大 大4 水上颯
57%
5 東京医歯大 大2 加瀬主税
57%
16 開成高 高3 吉原主税
57%
2 京都大 大3 中江一統
29%
15 東京大 大4 鶴崎修功
29%
28 関西大 大4 柳澤多功斗
29%
39 京都大 大2 上原陸
29%
42 東京大 大1 寺内一記
29%
45 開成高 高2 植田遥大
29%
3 京都大 大3 佐野章佳
14%
4 京都大 大4 折井悟
14%
6 京都大 大4 櫻本航
14%
7 東京大 大3 小林逸人
14%
8 東京工業大 大3 高野大地
14%
9 首都大 大4 塚田瑛裕
14%
10 東京大 大2 谷口貴紀
14%
11 北海道大 大4 宮石陸
14%
12 東京大 大2 川田遼太
14%
13 東京大 大2 池内敦
14%
14 名古屋大 大3 鵜飼陽一
14%
17 京都大 大4 服部遥
14%
18 大阪大 大3 西村優樹
14%
19 東京大 大4 青木寛泰
14%
20 東京大 大2 飯塚亮成
14%
21 大阪大 大2 川田耕太郎
14%
22 京都大 大3 小松紘樹
14%
23 東京大 大3 岡本遼太郎
14%
24 北海道大 大2 林寛昭
14%
25 京都大 大3 渡邊賢史
14%
26 大阪大 大2 寺田高志
14%
27 中央大 大3 鳥越勇希
14%
29 京都大 大1 片山智
14%
30 早稲田大 大1 上山航生
14%
31 慶應義塾大 大3 川下咲太郎
14%
32 東京大 大1 下山航
14%
33 東京大 大4 鈴木耀介
14%
34 東京大 大2 高橋昂
14%
35 東京大 大3 服部光亮
14%
36 早稲田大 大4 森田爽斗
14%
37 京都大 大1 木戸直人
14%
38 神奈川大 大4 中岡啓将
14%
40 東京大 大2 井上純也
14%
41 慶應義塾大 大4 水野一希
14%
43 首都大 大1 三重野裕樹
14%
44 上智大 大4 中田陽介
14%
46 大阪大 大2 吉家拓馬
14%
47 京都大 大2 宮原仁
14%
48 東京大 大1 薮田淳
14%
No matching quizzes found
Score Distribution
Percent of People with Each Score
Percentile by Number Answered
Your Score History
You have not taken this quiz